| 000 | 00903nam a22002417a 4500 | ||
|---|---|---|---|
| 999 |
_c12763 _d12763 |
||
| 003 | AR-CdUCM | ||
| 008 | 190410b ||||| |||| 00| 0 spa d | ||
| 040 |
_aMUNICIPALIDAD PROVINCIAL DEL CUSCO _cBIBLIOTECA MUNICIPAL DEL CUSCO |
||
| 082 |
_a320.909 / _bB25 |
||
| 100 |
_aBarrantes, Emilio _93583 |
||
| 245 | _aPerspectiva y análisis de una realidad cambiante / | ||
| 260 |
_aLima : _bLetra. _c1985. |
||
| 300 |
_a314 paginas ; _c21 cm. |
||
| 505 | _aContenido :Un astro en el espacio -- la agresión a la naturaleza -- El papel de las comunicaciones -- Los problemas mundiales -- La peripecia humana... | ||
| 650 |
_aPolítica mundial _93360 |
||
| 650 |
_aconferencias _9376 |
||
| 650 |
_aEnsayos _9375 |
||
| 650 |
_aSociedad _953 |
||
| 650 |
_aCultura _9126 |
||
| 710 |
_aCentro de Estudios para el Desarrollo y la Participación, _916576 |
||
| 942 |
_2ddc _cLIBROS |
||
| 945 |
_awnts _d2019-04-10 |
||